| 000 | 00364pab a2200157 454500 | ||
|---|---|---|---|
| 008 | 180718b2005 xxu||||| |||| 00| 0 eng d | ||
| 100 | _aDubhashi, Medha | ||
| 245 | _aThe mojari experience | ||
| 260 | _c2005 | ||
| 300 | _ap.43-45. | ||
| 362 | _aFeb | ||
| 650 | _aHandicrafts - India - Rajasthan | ||
| 650 | _aHandicrafts | ||
| 773 | _aYojana | ||
| 909 | _a64190 | ||
| 999 |
_c64190 _d64190 |
||